Textbook of machine design (Record no. 8580)

MARC details
000 -LEADER
fixed length control field 00482nam a2200181Ia 4500
008 - FIXED-LENGTH DATA ELEMENTS--GENERAL INFORMATION
fixed length control field 230917s9999||||xx |||||||||||||| ||und||
020 ## - ISBN
Price RS 690.00
040 ## - CATALOGING SOURCE
-- 5014921
Original cataloging agency VIVEKANANDA LIBRARY
041 ## - Language
-- English
082 ## - DDC NUMBER
Classification number 621.815 K529T(14)
100 ## - MAIN ENTRY--PERSONAL NAME
Personal name Khurmi, R S
245 #0 - TITLE STATEMENT
Title Textbook of machine design
250 ## - EDITION STATEMENT
Edition statement 14th ed.
260 ## - PUBLICATION, DISTRIBUTION, ETC. (IMPRINT)
Place of publication, distribution, etc New Delhi
Name of publisher, distributor, etc S Chand and Company
Date of publication, distribution, etc 2022
300 ## - PHYSICAL DESCRIPTION
Pages xvi, 1230 p.
500 ## - GENERAL NOTE
General note 5032 07/01/2023 IF23/1066 13/02/2023 Main Budget
942 ## - ADDED ENTRY ELEMENTS (KOHA)
Koha item type Books
Holdings
Withdrawn status Lost status Damaged status Not for loan Location (home branch) Sublocation or collection (holding branch) Shelving location Date acquired Koha issues (times borrowed) Koha full call number Accession No. Koha date last seen Koha item type
        VIVEKANANDA LIBRARY VIVEKANANDA LIBRARY UIET Library 24/02/2023 7 621.815 K529T(14) 407311 15/12/2025 Books
        VIVEKANANDA LIBRARY VIVEKANANDA LIBRARY UIET Library 24/02/2023 9 621.815 K529T(14) 407312 16/04/2026 Books
        VIVEKANANDA LIBRARY VIVEKANANDA LIBRARY UIET Library 24/02/2023 10 621.815 K529T(14) 407313 24/03/2026 Books
        VIVEKANANDA LIBRARY VIVEKANANDA LIBRARY UIET Library 24/02/2023 7 621.815 K529T(14) 407314 14/02/2026 Books
        VIVEKANANDA LIBRARY VIVEKANANDA LIBRARY UIET Library 24/02/2023 7 621.815 K529T(14) 407315 15/12/2025 Books
© Designed and Maintained by Vivekananda Library, MDU Rohtak